000 00481nam a2200169Ia 4500
008 230718s9999 xx 000 0 und d
020 _a9780521764513
041 _aeng
082 _a006.7
_bFRI
100 _aFriedland G.
_9197972
245 _aMultimedia Computing
260 _c2014
_bCambridge
300 _a330
_dRef 1646 E ME (51625)
365 _cRs.
_b5033.00
700 _aFriedland G. & Jain R.
_9197973
906 _dO:0468822-Sep-2015B:201205-Aug-2015
_cME ETC
_b1258.25
999 _c340418
_d340418